000 01299nam a22002897a 4500
999 _c65473
_d65473
005 20240530110826.0
008 190806s2019 ua ahk f b 000 0 ara d
017 _a2018/17859
_bمصر. دار الكتب
020 _a9789773508234
040 _aEG-CaGPL
_cEG-CaGPL
082 0 4 _221
_a627.52/
_bم ت
100 0 _aمحمود عبدالعزيز ابراهيم خليل
245 1 0 _aتكنولوجيا الرى الزراعى فى الاراضى الرملية واراضى الوادى والدلتا :
_bالاساسيات - علاقة الماء بالتربة والنبات - نظم الرى - رى المحاصيل البستانية والحقلية /
_cمحمود عبدالعزيز ابراهيم خليل
250 _aط.1
260 _aالقاهرة :
_bدار الكتاب الحديث،
_c2019.
300 _a470 ص. :
_bايض ؛
_c24 سم.
504 _aيشتمل على ارجاعات ببليوجرافية
650 0 7 _2qrmak
_aالرى
650 0 7 _2qrmak
_aاصلاح الاراضى
650 0 7 _2qrmak
_aالرى بالرش
650 0 7 _2qrmak
_aالرى
_xميكنة
650 0 7 _2qrmak
_aالهندسة الزراعية
650 0 7 _2qrmak
_aالرش فى الزراعة
651 _2qrmak
942 _2ddc
_cBK